Automatic Antenna Alignment System (AAAS) / (Record no. 611802)
[ view plain ]
| 000 -LEADER | |
|---|---|
| fixed length control field | 02369nam a22001937a 4500 |
| 003 - CONTROL NUMBER IDENTIFIER | |
| control field | NUST |
| 005 - DATE AND TIME OF LATEST TRANSACTION | |
| control field | 20240925105549.0 |
| 008 - FIXED-LENGTH DATA ELEMENTS--GENERAL INFORMATION | |
| fixed length control field | 240925b ||||| |||| 00| 0 eng d |
| 082 ## - DEWEY DECIMAL CLASSIFICATION NUMBER | |
| Classification number | 621.382,ULL |
| 100 ## - MAIN ENTRY--PERSONAL NAME | |
| Personal name | Ullah, Arif |
| 9 (RLIN) | 126072 |
| 245 ## - TITLE STATEMENT | |
| Title | Automatic Antenna Alignment System (AAAS) / |
| Statement of responsibility, etc. | Capt Arif Ullah, Capt Danish Mehmoodm Capt Hasssan Abbas, GC Awais Ahmed. |
| 260 ## - PUBLICATION, DISTRIBUTION, ETC. | |
| Place of publication, distribution, etc. | MCS, NUST |
| Name of publisher, distributor, etc. | Rawalpindi |
| Date of publication, distribution, etc. | 2024 |
| 300 ## - PHYSICAL DESCRIPTION | |
| Extent | 54 p |
| 505 ## - FORMATTED CONTENTS NOTE | |
| Formatted contents note | The efficiency of wireless communication systems heavily relies on the precise alignment of antennas. Manual Antenna alignment is one of the serious issue in correspondence framework after each terrible climate and downpour. This issue is extremely feverish in regions where weather conditions is blustery and breezy. After each windstorm there is a need to adjust all directional Antenna alignment physically. Subsequently this undertaking has been gotten to fulfill the rising need of programmed recieving antenna alignment framework and supplant manual rotation of Antenna alignment. Keeping this in view, this paper expects to develop an advanced Automatic Antenna Alignment System (AAS) designed to optimize the alignment process, thereby enhancing communication performance in various applications such as satellite communication, terrestrial point-to-point links. The proposed AAAS integrates state-of-the-art technologies including algorithms, computer vision techniques, and real-time feedback mechanisms to automate and refine antenna alignment procedures. Antenna alignment framework with ability to filter in both azimuthal and elevation plane, get signal strength and change itself as per maximum RSS. Furthermore, computer vision algorithms enable the AAAS to accurately detect and track antenna positions relative to their optimal orientation, even in challenging environmental conditions such as adverse weather or low visibility. Real-time feedback mechanisms ensure continuous monitoring and adjustment of antenna alignment to maintain optimal signal strength and reliability. This paper plans to give a top to bottom survey of antenna alignment with an array of any antenna to receive signals from a fixed transmitter, and adjust itself according to maximum RSS. |
| 650 ## - SUBJECT ADDED ENTRY--TOPICAL TERM | |
| Topical term or geographic name entry element | UG EE Project |
| 9 (RLIN) | 118090 |
| 651 ## - SUBJECT ADDED ENTRY--GEOGRAPHIC NAME | |
| Geographic name | BEE-57 |
| 9 (RLIN) | 125983 |
| 700 ## - ADDED ENTRY--PERSONAL NAME | |
| Personal name | Supervisor Dr. Zeeshan Zahid |
| 9 (RLIN) | 118097 |
| 942 ## - ADDED ENTRY ELEMENTS (KOHA) | |
| Source of classification or shelving scheme | |
| Koha item type | Project Report |
No items available.
